载入...

Introduction to Principles of Plant Taxonomy

书目详细资料
主要作者: Sivarajan,V V
格式: Printed Book
语言:English
出版: New Delhi OUP 1990
LEADER 00499nam a22001577a 4500
008 180612s9999 000 0 eng
020 |a 8120404459 
041 |a Eng 
082 |a 582 
100 |a Sivarajan,V V 
245 |a Introduction to Principles of Plant Taxonomy 
260 |a New Delhi  |b OUP  |c 1990 
300 |a 295p  |b PB 
942 |2 ddc  |c BK 
999 |c 270173  |d 270173 
952 |0 0  |1 0  |4 0  |6 582_000000000000000_SIV_I  |7 0  |9 304201  |a ASC  |b ASC  |c ST1  |d 2018-09-05  |g 0.00  |l 0  |o 582 SIV/I  |p ASC933  |r 2018-08-20  |w 2018-08-20  |y BK